Catálogo
 En Linea

The unfinished experiment : (Registro nro. 33034)

Detalles MARC
000 -CABECERA
campo de control de longitud fija 00654nam a2200181 a 4500
001 - NÚMERO DE CONTROL
campo de control 000033543
003 - IDENTIFICADOR DEL NÚMERO DE CONTROL
campo de control OSt
005 - FECHA Y HORA DE LA ÚLTIMA TRANSACCIÓN
campo de control 20260321073642.0
008 - DATOS DE LONGITUD FIJA--INFORMACIÓN GENERAL
campo de control de longitud fija 110831s1984 nyu 000 0 spa d
040 ## - FUENTE DE LA CATALOGACIÓN
Centro catalogador/agencia de origen DO-SdBNP
Lengua de catalogación spa
Centro/agencia transcriptor BNPHU
082 ## - NÚMERO DE LA CLASIFICACIÓN DECIMAL DEWEY
Número de clasificación xxx
Número de documento/Ítem B742u
100 1# - ENTRADA PRINCIPAL--NOMBRE DE PERSONA
Nombre de persona Bosch, Juan,
Fechas asociadas al nombre 1909-2001
9 (RLIN) 76555
245 10 - MENCIÓN DE TÍTULO
Título The unfinished experiment :
Resto del título democracy in the Dominican Republic /
Mención de responsabilidad, etc. Juan Bosch.
260 ## - PUBLICACIÓN, DISTRIBUCIÓN, ETC.
Lugar de publicación, distribución, etc. New York :
Nombre del editor, distribuidor, etc. Frederick A. Praeger,
Fecha de publicación, distribución, etc. 1984.
300 ## - DESCRIPCIÓN FÍSICA
Extensión xiii, 239 p. ;
Dimensiones 22 cm.
534 ## - NOTA SOBRE LA VERSIÓN ORIGINAL
Frase introductoria Título original :
Mención de título del original Crisis de la democracia de América en la República Dominicana :
Publicación, distribución, etc. del original Centro de Estudios y Documentación Sociales
942 ## - ELEMENTOS DE PUNTO DE ACCESO ADICIONAL (KOHA)
Fuente del sistema de clasificación o colocación Dewey Decimal Classification
Tipo de ítem Koha Libro
Existencias
Estado de retiro Estado de pérdida Restricciones de uso No para préstamo Código de colección Localización permanente Ubicación/localización actual Ubicación en estantería Fecha de adquisición Número de inventario Total de préstamos Signatura topográfica completa Código de barras Fecha visto por última vez Precio válido a partir de Tipo de ítem Koha Nota pública
      Excluido de préstamo Monografías: Libros y Folletos Patrimonio Dominicano Patrimonio Dominicano En catalogación 31.08.2011 LF1   xxx B742u 33543-10 25.06.2020 25.06.2020 No se presta Perteneció a la biblioteca personal de Germán Emilio Ornes

Con tecnología Koha